[Event "Lippstadt"]
[Site "Lippstadt"]
[Date "1996.??.??"]
[Round "2"]
[White "Touzane, Olivier"]
[Black "Schlindwein, Rolf"]
[Result "0-1"]
[WhiteElo "2495"]
[BlackElo "2440"]
[PlyCount "116"]
[EventDate "1996.07.01"]
[Source "www.chesslib.no"]
[SourceDate "2004.05.04"]

1. d4 d5 2. c4 Bf5 3. cxd5 Bxb1 4. Qa4+ c6 5. Rxb1 Qxd5 6. Nf3 Nd7 7. e3 Nb6 8. Qb3 e6 9. Qxd5 Bb4+ 10. Bd2 Bxd2+ 11. Kxd2 exd5 12. Bd3 Nf6 13. Ne5 Ke7 14. f3 Ne8 15. b3 f6 16. Ng4 Rd8 17. a4 Nd6 18. Rhc1 a6 19. h4 h5 20. Nf2 g5 21. hxg5 fxg5 22. Rh1 Nd7 23. Bg6 Nf6 24. Nd3 Rdg8 25. Ne5 Rh6 26. Bd3 g4 27. Rh2 Nf7 28. Rbh1 Rg5 29. Nxf7 Kxf7 30. b4 Rh8 31. f4 Rgg8 32. g3 Re8 33. Rc1 Re6 34. Bf5 Re7 35. Rc3 Ra8 36. Rh1 Kg7 37. Rb1 Kh6 38. b5 axb5 39. axb5 Ra2+ 40. Ke1 cxb5 41. Kf1 h4 42. gxh4 Kh5 43. Bc2 Ne4 44. Bxe4 dxe4 45. Rc5+ Kxh4 46. Rcxb5 Kg3 47. Rh5 Rc7 48. f5 Rf2+ 49. Kg1 Rcc2 50. Rd1 Rcd2 51. Rb1 b5 52. Kh1 b4 53. Rg1+ Rg2 54. Rf1 Rdf2 55. Rd1 b3 56. f6 Rxf6 57. d5 b2 58. Rh8 Ra6 0-1

[Event "Voronezh RUS"]
[Site "?"]
[Date "2006.06.19"]
[Round "7"]
[White "Brodsky Michail"]
[Black "Paveliev Alexey"]
[Result "1-0"]
[WhiteElo "2561"]
[BlackElo "2368"]
[PlyCount "65"]
[EventDate "2006.??.??"]
[Source "www.chesslib.no"]
[SourceDate "2004.05.04"]

1. d4 d5 2. c4 Bf5 3. cxd5 Bxb1 4. Qa4+ c6 5. Rxb1 Qxd5 6. e3 e5 7. dxe5 Nd7 8. e4 Qxe5 9. Nf3 Qe6 10. Qc4 Qxc4 11. Bxc4 Bb4+ 12. Ke2 Ngf6 13. e5 Ne4 14. Be3 Bc5 15. Rhd1 Nb6 16. Rbc1 Na4 17. Bxc5 Nexc5 18. b4 Ne4 19. Ke3 f5 20. Nd4 g6 21. f3 Ng5 22. Bb3 Nb6 23. b5 Nf7 24. bxc6 bxc6 25. Rxc6 O-O 26. Rc7 Rac8 27. Rdc1 Rce8 28. f4 a5 29. Rb7 Nc8 30. Kf3 a4 31. Be6 Rd8 32. Rcc7 Rxd4 33. Bxf7+ 1-0

[Event "Cannes Open"]
[Site "Cannes FRA"]
[Date "1990.??.??"]
[Round "1"]
[White "Foisor, Ovidiu"]
[Black "Rausis, Igors"]
[Result "1/2-1/2"]
[WhiteElo "2455"]
[BlackElo "2470"]
[PlyCount "27"]
[EventDate "1990.02.??"]
[Source "www.chesslib.no"]
[SourceDate "2004.05.04"]

1. d4 d5 2. c4 Bf5 3. cxd5 Bxb1 4. Rxb1 Qxd5 5. a3 Nc6 6. e3 O-O-O 7. Ne2 e5 8. Nc3 Qa5 9. d5 Nf6 10. Bd2 Nxd5 11. Na4 Nxe3 12. fxe3 Rxd2 13. Qxd2 Qxa4 14. Rc1 1/2-1/2

[Event "Wch (Men) U26"]
[Site "Rotterdam"]
[Date "1998.08.19"]
[Round "8"]
[White "Zoler, Dan"]
[Black "Schlindwein, Rolf"]
[Result "1-0"]
[WhiteElo "2500"]
[BlackElo "2425"]
[PlyCount "55"]
[EventDate "1998.08.??"]
[Source "www.chesslib.no"]
[SourceDate "2004.05.04"]

1. d4 d5 2. c4 Bf5 3. cxd5 Bxb1 4. Qa4+ c6 5. dxc6 Nxc6 6. Rxb1 e5 7. Bd2 Qxd4 8. Qxd4 exd4 9. g3 Nge7 10. Bg2 g6 11. Nh3 Bg7 12. O-O h6 13. Nf4 O-O-O 14. Rfc1 Kb8 15. Nd3 Rhe8 16. Kf1 g5 17. Rc5 Rd6 18. h4 f6 19. b4 Nd8 20. Rbc1 Ne6 21. R5c2 Nd5 22. Nc5 Nec7 23. Nxb7 Rde6 24. Na5 f5 25. Nc6+ Rxc6 26. Rxc6 f4 27. gxf4 gxh4 28. R1c5 1-0

[Event "Ch (Men) Visakhapatnam IND"]
[Site "?"]
[Date "2006.04.17"]
[Round "21"]
[White "Koneru Humpy"]
[Black "Roy Chowdhury Saptarshi"]
[Result "1-0"]
[WhiteElo "2548"]
[BlackElo "2376"]
[PlyCount "65"]
[EventDate "2006.??.??"]
[Source "www.chesslib.no"]
[SourceDate "2004.05.04"]

1. d4 d5 2. c4 Bf5 3. cxd5 Bxb1 4. Qa4+ Qd7 5. Qxd7+ Nxd7 6. Rxb1 Ngf6 7. Nf3 Nb6 8. e3 Nbxd5 9. a3 e6 10. Bd3 Nd7 11. e4 N5b6 12. Be3 Bd6 13. Ke2 O-O 14. g4 Rfc8 15. Rhd1 Be7 16. Rbc1 Kf8 17. Rd2 c5 18. Rdc2 cxd4 19. Bxd4 Rxc2+ 20. Rxc2 Rc8 21. Rxc8+ Nxc8 22. e5 Nb8 23. Be4 Nc6 24. Be3 h6 25. Bxc6 bxc6 26. Nd4 c5 27. Nc6 Ke8 28. Nxe7 Nxe7 29. Bxc5 Nc6 30. f4 g6 31. Kd3 a6 32. b4 Kd7 33. Ke4 1-0

[Event "13th HIT Open A"]
[Site "Nova Gorica SLO"]
[Date "2008.01.27"]
[Round "2"]
[White "Cebalo, M."]
[Black "Bontempi, P."]
[Result "1/2-1/2"]
[WhiteElo "2547"]
[BlackElo "2375"]
[PlyCount "126"]
[EventDate "2008.01.26"]
[Source "www.chesslib.no"]
[SourceDate "2004.05.04"]

1. d4 d5 2. c4 Bf5 3. Nc3 e6 4. Nf3 Nc6 5. cxd5 exd5 6. Bf4 Bd6 7. Bg3 Nf6 8. e3 O-O 9. Bh4 Be7 10. Bxf6 Bxf6 11. Qb3 Ne7 12. Be2 b6 13. O-O c5 14. Ne5 Be6 15. Rad1 Bxe5 16. dxe5 Qb8 17. e4 dxe4 18. Bc4 Bxc4 19. Qxc4 Qxe5 20. Rd7 Nc6 21. Re1 Rad8 22. Rxd8 Rxd8 23. Rxe4 Qg5 24. Re3 h6 25. Qe4 Qg6 26. Qxg6 fxg6 27. h4 Rd2 28. Re8+ Kh7 29. Rc8 Na5 30. f3 Rd7 31. b3 Nb7 32. Kh2 Nd6 33. Ra8 Nf5 34. Kh3 Nd4 35. Ne4 Ne2 36. Re8 Nf4+ 37. Kh2 Nd5 38. a4 Ne7 39. Ra8 Nc6 40. Nc3 Nd4 41. a5 b5 42. a6 b4 43. Ne4 Nxb3 44. Rb8 Re7 45. Rb7 Re6 46. Rxa7 c4 47. Rb7 Rxa6 48. Rxb4 Rc6 49. Nc3 Nd4 50. Kg3 Nf5+ 51. Kh3 Ne3 52. Rb7 Re6 53. Ne4 Rc6 54. Nc3 Re6 55. Kg3 Nf5+ 56. Kh3 Re5 57. Ne4 Rc5 58. Nc3 Nd6 59. Rd7 Ne8 60. Kg3 Nf6 61. Rb7 g5 62. hxg5 hxg5 63. Kf2 Rc8 1/2-1/2

[Event "Lee Cup"]
[Site "Beijing"]
[Date "1996.??.??"]
[Round "2"]
[White "Lin Weiguo"]
[Black "Rausis, Igors"]
[Result "1/2-1/2"]
[WhiteElo "2425"]
[BlackElo "2495"]
[PlyCount "33"]
[EventDate "1996.08.??"]
[Source "ChessBase"]

1. d4 d5 2. c4 Bf5 3. Nc3 e6 4. e3 c6 5. Bd3 Bxd3 6. Qxd3 Nf6 7. Nf3 Bb4 8. O-O O-O 9. Bd2 Qa5 10. b3 Nbd7 11. a3 Bxc3 12. Bxc3 Qa6 13. Nd2 Rfd8 14. Qc2 b5 15. Bb4 bxc4 16. bxc4 dxc4 17. Nxc4 1/2-1/2

[Event "Wch U20"]
[Site "Halle"]
[Date "1995.??.??"]
[Round "3"]
[White "Dyachkov, Sergej"]
[Black "Rowson, Jonathan"]
[Result "0-1"]
[WhiteElo "2520"]
[BlackElo "2400"]
[PlyCount "106"]
[EventDate "1995.09.??"]
[Source "ChessBase"]

1. d4 d5 2. c4 Bf5 3. Qb3 e5 4. cxd5 exd4 5. Nf3 Bc5 6. Qc4 Nd7 7. Nxd4 Qh4 8. Be3 Bxb1 9. Rxb1 Ngf6 10. Rc1 O-O 11. Nf5 Bb4+ 12. Kd1 Qxc4 13. Rxc4 Nxd5 14. Bd4 Rfd8 15. e4 N5f6 16. Rxb4 c5 17. Rxb7 cxd4 18. f3 d3 19. Rc7 Ne5 20. Ne7+ Kf8 21. Nf5 a5 22. Rc5 Neg4 23. fxg4 Nxe4 24. Rc4 Nf2+ 25. Kd2 Nxh1 26. Rf4 Rab8 27. b3 Rb4 28. Rf3 a4 29. Bxd3 axb3 30. axb3 Rxb3 31. Ke2 Rb2+ 32. Kf1 Rf2+ 33. Rxf2 Nxf2 34. Kxf2 Rxd3 35. Ke2 Ra3 36. Kf2 g6 37. Nh4 h6 38. Nf3 Ke7 39. Kg3 Ke6 40. Kf4 Ra4+ 41. Kg3 Kd5 42. Kh3 Ra3 43. Kh4 Ra2 44. Kh3 g5 45. Kg3 Ke4 46. Kh3 Ra3 47. Kg3 Ke3 48. Ng1 Rb3 49. h3 Ra3 50. h4 f6 51. Nh3 Ke2+ 52. Kh2 Kf1 53. hxg5 hxg5 0-1